000 01039nam a22003257a 4500
003 CHAP
005 20260127131624.0
008 971013s1958 r 00010 d
010 _a51547
011 _a52519
035 _a56669
040 _cCHAP
082 _a637.1
_bT7
100 0 0 _aTracy, Paul Hubert.
_9114588
245 _aDairy plant management
260 _aNew York :
_bMcGraw-Hill,
_c1958
300 _a439 p.
490 _aMcGraw-Hill publications in the agricultural sciences
590 _aBATCH-UPD
_b10
_c20130110
_lUCH01
_h0319
590 _aBATCH-UPD
_b10
_c20130110
_lUCH01
_h1709
590 _aCONVERSION
_b10
_c20130109
_lUCH01
_h1328
650 1 7 _aPlantas lecheras
_2
_989014
700 0 _aArmerding, George D.
_97199
700 0 _aHannah, Harold W.
_952543
830 0 _aMcGraw-Hill publications in the agricultural sciences
_973553
901 _aBK
942 _cLIBRO
949 _a637.1 T7
_bBC
_cBPA
_d-123706
_eBPA
_h39730
_i56669
_si
949 _a637.1 T7
_bBC
_cBPA
_d33724000103610
_eBPA
_fc.2
_h39746
_i56669
_mD
_si
999 _c51547
_d51547